ბათუმის შოთა რუსთაველის სახელმწიფო უნივერსიტეტის ბიბლიოთეკა

An introduction to international economics : (ბიბ.ჩანაწერი № 58752)

000 -LEADER
fixed length control field 00798cam a22002174a 4500
001 - CONTROL NUMBER
control field 16735524
005 - DATE AND TIME OF LATEST TRANSACTION
control field 20221116140307.0
008 - FIXED-LENGTH DATA ELEMENTS--GENERAL INFORMATION
fixed length control field 110414s2012 nyua b 001 0 eng
010 ## - LIBRARY OF CONGRESS CONTROL NUMBER
LC control number 2011015937
020 ## - INTERNATIONAL STANDARD BOOK NUMBER
International Standard Book Number 9781108470056 (hardback)x
020 ## - INTERNATIONAL STANDARD BOOK NUMBER
International Standard Book Number 9781108455169(paperback)x
080 ## - UNIVERSAL DECIMAL CLASSIFICATION NUMBER
Universal Decimal Classification number 339 R-37
100 1# - MAIN ENTRY--PERSONAL NAME
Personal name Reinert, Kenneth A.
9 (RLIN) 14404
245 13 - TITLE STATEMENT
Title An introduction to international economics :
Remainder of title new perspectives on the world economy /
Statement of responsibility, etc. Kenneth A. Reinert.
250 ## - EDITION STATEMENT
Edition statement SECOND EDITION
264 ## - PRODUCTION, PUBLICATION, DISTRIBUTION, MANUFACTURE, AND COPYRIGHT NOTICE
Place of production, publication, distribution, manufacture New York :
Name of producer, publisher, distributor, manufacturer Cambridge University Press,
Date of production, publication, distribution, manufacture, or copyright notice 2021.
300 ## - PHYSICAL DESCRIPTION
Extent xxiv, 553 p. :
Other physical details ill. ;
Dimensions 27 cm.
653 ## - INDEX TERM--UNCONTROLLED
keyword საერთაშორისო ეკონომიკური ურთიერთობები.
653 ## - INDEX TERM--UNCONTROLLED
keyword ეკონომიკა
942 ## - ADDED ENTRY ELEMENTS (KOHA)
Source of classification or shelving scheme
Koha item type წიგნი
ეგზემპლარები
Withdrawn status Lost status Source of classification or shelving scheme Damaged status Not for loan Permanent Location Current Location Shelving location Date acquired Cost, normal purchase price Full call number Barcode Date last seen Copy number Price effective from Koha item type Public note
          ბათუმის შოთა რუსთაველის სახელმწიფო უნივერსიტეტის მთავარი ბიბლიოთეკა ბათუმის შოთა რუსთაველის სახელმწიფო უნივერსიტეტის მთავარი ბიბლიოთეკა წიგნსაცავი 2022-07-14 222.00 339 R-37 62986 2022-07-14 62986 2022-07-14 წიგნი 222 gel.